000 02450cam a2200649 i 4500
001 8179
003 FISKH
005 20250901124203.0
008 170718s2016 nyua j 000 1 eng c
010 _a 2017949433
020 _a9780062561060
_qhardcover
020 _a0062561065
_qhardcover
035 _a19799399
035 _a(OCoLC)1023809213
040 _aFMG
_beng
_cFMG
_dDLC
050 0 0 _aPZ7.W1593357
_bMi 2016
082 _a823.92
100 1 _aWalliams, David,
_d1971-
_eauthor.
245 1 4 _aThe midnight gang /
_cDavid Walliams ; illustrated by Tony Ross.
250 _aThis edition publihed in 2018
260 _aLondon :
_bHarper Collins,
_c2016
300 _a476 pages :
_billustrations ;
_c20 cm
336 _atext
_btxt
_2rdacontent
336 _astill image
_bsti
_2rdacontent
337 _aunmediated
_bn
_2rdamedia
338 _avolume
_bnc
_2rdacarrier
520 _aAfter getting hit in the head while playing cricket, Tom finds himself at Lord Funt Hospital, where he embarks on an epic journey with his fellow patients.
650 0 _aWounds and injuries
_vJuvenile fiction.
650 0 _aSick children
_vJuvenile fiction.
650 0 _aHospital patients
_vJuvenile fiction.
650 0 _aNurses
_vJuvenile fiction.
650 1 _aSick children
_vFiction.
650 1 _aNurses
_vFiction.
650 1 _aHospitals
_vFiction.
650 1 _aHumorous stories.
650 1 _aAdventure stories.
650 7 _aJUVENILE FICTION
_xAction & Adventure.
_2bisacsh
650 7 _aJUVENILE FICTION
_xFamily.
_2bisacsh
650 7 _aJUVENILE FICTION
_xHumorous Stories.
_2bisacsh
650 7 _aIllustrated children's books.
_2fast
_0(OCoLC)fst00967392
650 7 _aNurses.
_2fast
_0(OCoLC)fst01041618
650 7 _aSick children.
_2fast
_0(OCoLC)fst01118066
650 7 _aWounds and injuries.
_2fast
_0(OCoLC)fst01181488
655 4 _aAction and adventure fiction.
655 7 _aAction and adventure fiction.
_2fast
_0(OCoLC)fst01921574
655 7 _aFiction.
_2fast
_0(OCoLC)fst01423787
655 7 _aHumorous fiction.
_2fast
_0(OCoLC)fst01726649
655 7 _aJuvenile works.
_2fast
_0(OCoLC)fst01411637
655 7 _aAdventure fiction.
_2gsafd
655 7 _aHumorous fiction.
_2gsafd
655 7 _aAction and adventure fiction.
_2lcgft
655 7 _aHumorous fiction.
_2lcgft
700 1 _aRoss, Tony,
_eillustrator.
906 _a7
_bcbc
_cpccadap
_d2
_eepcn
_f20
_gy-gencatlg
942 _2ddc
_cBK
_n0
999 _c8179
_d8179